000 00496cam a2200217ua 4500
001 8639
005 20260515114347.0
008 150212n ii |||gr||||Z||||||eng
020 _a9789380261263
040 _cMAIN
041 _aeng
082 _a330.03
100 _aDas, M.,
_eAuthor.
245 _aGlossary of economics
_cBy Manjit Das
250 _a1st.
260 _aGuwahati:
_bEBH,
_c2010.
300 _a298p.
653 _aEconomics
653 _aGlossary of economics
942 _cBK
999 _c7731
_d7731